Central Library OPAC University of Rajshahi
Normal view MARC view

Entry Topical Term

Number of records used in: 2

001 - CONTROL NUMBER

  • control field: 3199

003 - CONTROL NUMBER IDENTIFIER

  • control field: BD-RjUL

005 - DATE AND TIME OF LATEST TRANSACTION

  • control field: 20220526115925.0

008 - FIXED-LENGTH DATA ELEMENTS

  • fixed length control field: 220526|| aca||aabn | a|a d

040 ## - CATALOGING SOURCE

  • Original cataloging agency: BD-RjUL
  • Transcribing agency: BD-RjUL

150 ## - HEADING--TOPICAL TERM

  • Topical term or geographic name entry element: اردو لٹریچر -- ہستورے اینڈ کریتیکسم

670 ## - SOURCE DATA FOUND

  • Source citation: Work cat.: (BD-RjUL)79854: [Urdu Academy ]اردو اکادمی 3198, ادبيات اردو /Adabiyāt-i Urdū /, 1955.